00878cam a2200217 a 450000100100000000500170001000800410002704000250006808200180009310000420011124501480015326000610030130000360036249000300039850400740042865000240050265000260052665100350055265100400058770000330062700000843820200929161337.0971104s1997 ck a b 001 0 spa d aDO-SdBNPbspacBNPHU aC863.1bR696c1 aRodríguez Freyle, Juan,d1566-1640.13aEl carnero :bsegún el otro manuscrito de Yerbabuena /cJuan Rodríguez Freile ; edición, introducción y notas de Mario Germán Romero. aSantafé de Bogotá :bInstituto Caro y Cuervo,c1997. alxxxix, 367 p. :bil. ;c22 cm.1 aBiblioteca colombianav41 aIncluye referencias bibliográficas y notas al pie de las páginas. 4aCuentos colombianos 4aLiteratura colombiana 4aColombiaxHistoriayHASTA 1810 4aBogotá (Colombia{Rpara}xHistoria1 aRomero, Mario Germán,eed.